00765 2200217 4500245009600000250001100096100002100107700001800128700002100146700001900167700002200186700001900208650001600227005001900243260001800262041001400280084000800294300002000302500021600322336000900538 aKoleksi Karya Siswa Kelas X-Perhotelan b : Short Story CollectioncAzzam Lahimul I.hText aCet. 1 aAzzam Lahimul I. aBagus Saputra aDesti Rahma Wati aLazuardi Fatto aMochamad Firas A. aRaisya Syafitr aKarya Siswa a20240130133817 aJakartac2024 aIndonesia a081 ailus. :c25 cm. aKoleksi karya siswa ini merupakan karya dari beberapa siswa kelas X-Perhotelan. Karya ini berisi tentang kumpulan cerita pendek yang salah satu judulnya Tim Terbaik Sepanjang Masa karya Mochamad Firaz Alfarizhi. atext